000 00684nam 22001933 4500
001 200202
090 _a200202
100 _a20260127d u||y0pory50 ba
200 _aBorboletas e lagartas
_e550 fotografias na cores
_fThomas Ruckstuhl
210 _a[Lisboa]
_cCĂ­rculo de Leitores
_d[19--?]
215 _a237, [6] p.
_cil., fot. ; encadernado
_d22 cm
225 _aMundo verde
304 _a. -como identificar, classificar e proteger borboletas e lagartas : guia das mais belas borboletas diurnas e nocturnas, e suas lagartas
606 _974
_aZoologia
675 _a59
_vPT
_zpor
700 _916036
_aRuckstuhl
_bThomas
_f1969-
801 _aPT
_bBMMN
_gRPC
830 _cAna
_fAna
990 _cLIVROS